Missing Word: Iron Man 3 Cast Quiz Stats

 Plays Quiz not verified by Sporcle

Support Sporcle.
Go Orange.
Score 0/24 Timer 03:00
0 Plays Today
clue answer % Correct
Robert Downey Jr.Holmes
99.1%
Robert Downey Jr.Tropic
79%
Guy PearceHurt
71.5%
Don CheadleOcean's
69.5%
Guy PearceSpeech
64.4%
Guy PearceCount
59.9%
Ben KingsleySchindler's
57.1%
Robert Downey Jr.Killers
54.1%
Gwyneth PaltrowShakespeare
53%
Gwyneth PaltrowRipley
52.1%
Don CheadleNights
50.4%
Jon FavreauFour
50%
clue answer % Correct
Don CheadleRwanda
48.7%
Jon FavreauRetreat
47.6%
Ben KingsleyShutter
41.9%
Gwyneth PaltrowExpectations
40.6%
Gwyneth PaltrowSliding
27.2%
Jon FavreauImpact
24.7%
Ben KingsleyFog
24.3%
Robert Downey Jr.America
20.6%
Jon FavreauVery
19.1%
Don CheadleSight
15.2%
Ben KingsleyMaiden
9.4%
Guy PearceFactory
5.1%

You're not logged in!

Compare scores with friends on all Sporcle quizzes.
OR
Log In

From the Vault

Old Woman Who Swallowed a Fly

by jdfulp

A cautionary tale for watching what you eat.
Remove Ads.
Support Sporcle.
Get the best of Sporcle when you Go Orange. This ad-free experience offers more features, more stats, and more fun while also helping to support Sporcle. Thank you for becoming a member.

Show Comments

Extras

Top Quizzes Today


Score Distribution

Your Account Isn't Verified!

In order to create a playlist on Sporcle, you need to verify the email address you used during registration. Go to your Sporcle Settings to finish the process.

Report this User

Report this user for behavior that violates our Community Guidelines.

Details: